[Event "Brasileiro de Jovens 2012 - Absoluto"]
[Site "Sao Paulo"]
[Date "2012.02.20"]
[Round "5.5"]
[White "Pirola, Claudionor Alcides"]
[Black "Pereira, Amanda Marques"]
[Result "1/2-1/2"]
[WhiteElo "2101"]
[BlackElo "1981"]
[PlyCount "90"]
[EventDate "2012.02.18"]

1. d4 Nf6 2. Nf3 e6 3. g3 d5 4. c4 Be7 5. Bg2 O-O 6. O-O b6 7. cxd5 exd5 8. Nc3
Bb7 9. Bf4 Nbd7 10. Rc1 c5 11. Nb5 Ne8 12. dxc5 bxc5 13. b3 a6 14. Nc3 Ndf6 15.
Na4 Qa5 16. Ne5 Rc8 17. Nc4 dxc4 18. Bxb7 Rd8 19. Qc2 cxb3 20. axb3 Qb5 21. Bg2
Nd5 22. Bxd5 Rxd5 23. Nc3 Qb7 24. Nxd5 Qxd5 25. Rfd1 Qb7 26. Qc4 Nf6 27. Bd6
Bxd6 28. Rxd6 a5 29. Ra6 Ne4 30. Rxa5 Rd8 31. Rca1 Nd2 32. Qa4 Rf8 33. Rb5 Qd5
34. b4 Nb3 35. Qa2 Qc6 36. Qa6 Qe4 37. bxc5 Nxa1 38. Qxa1 Qxe2 39. Rb2 Qc4 40.
Qa3 Re8 41. Rb1 Qe4 42. Rc1 Qc6 43. Qb4 Rc8 44. Qd4 h6 45. Rc2 Re8 1/2-1/2

[Event "Brasileiro de Jovens 2012 - Absoluto"]
[Site "Sao Paulo"]
[Date "2012.02.20"]
[Round "5.6"]
[White "Abdalla, Jose Lucas Aurelli"]
[Black "Vizzotto, Bernardo"]
[Result "1-0"]
[WhiteElo "2050"]
[BlackElo "1991"]
[PlyCount "75"]
[EventDate "2012.02.18"]

1. e4 c5 2. Nf3 e6 3. d3 d5 4. Nbd2 Nc6 5. g3 Nge7 6. Bg2 g6 7. O-O Bg7 8. Re1
h6 9. h4 b6 10. Nf1 a5 11. e5 Qc7 12. Bf4 Ba6 13. c3 b5 14. N1h2 h5 15. d4 cxd4
16. cxd4 Qb6 17. Be3 Nf5 18. Bh3 Nxe3 19. fxe3 b4 20. Ng5 b3 21. a3 Ne7 22. Rc1
Nf5 23. Nhf3 Bh6 24. Rc3 Bxg5 25. Nxg5 Bc4 26. Kh2 Ke7 27. Qf3 Rac8 28. Rec1 a4
29. Qf4 Ba6 30. e4 dxe4 31. Nxe4 Rxc3 32. Rxc3 Qxd4 33. Qg5+ Ke8 34. Bxf5 gxf5
35. Rc7 Qxb2+ 36. Nd2 Qxa3 37. Ra7 Bc8 38. Nc4 1-0

[Event "Brasileiro de Jovens 2012 - Absoluto"]
[Site "Sao Paulo"]
[Date "2012.02.20"]
[Round "5.7"]
[White "Silva, Alexandre Freitas S"]
[Black "Feliciano Ebert, Vanessa"]
[Result "0-1"]
[WhiteElo "1840"]
[BlackElo "2194"]
[PlyCount "102"]
[EventDate "2012.02.18"]

1. e4 c5 2. Nf3 Nc6 3. d4 cxd4 4. Nxd4 Nf6 5. Nc3 e5 6. Ndb5 d6 7. Bg5 a6 8.
Na3 b5 9. Nd5 Be7 10. Bxf6 Bxf6 11. c4 b4 12. Nc2 a5 13. g3 Bg5 14. h4 Bh6 15.
Bh3 Bb7 16. O-O O-O 17. Qd3 Ne7 18. Nce3 Bxe3 19. Nxe3 Qc7 20. Rfd1 Rfd8 21.
Bg2 Bc8 22. a3 bxa3 23. Rxa3 Be6 24. Rc3 Qc5 25. Kh2 Nc6 26. Qd2 Rab8 27. Ra3
Rb4 28. Bf1 Nd4 29. Kg2 Rdb8 30. Rda1 Nb3 31. Rxb3 Rxb3 32. Nd1 R3b4 33. Qg5 h6
34. Qh5 Bxc4 35. Ne3 Bxf1+ 36. Rxf1 Qd4 37. Nf5 Qxe4+ 38. Kg1 Qg4 39. Qxg4 Rxg4
40. Nxd6 Rd4 41. Nf5 Rd2 42. Ne3 Rdxb2 43. Nc4 R2b5 44. Kg2 Rc5 45. Nd6 a4 46.
Ra1 Ra8 47. Ne4 Rc2 48. Ra3 f5 49. Nd6 Rb2 50. Nc4 Rb3 51. Ra2 a3 0-1

[Event "Brasileiro de Jovens 2012 - Absoluto"]
[Site "Sao Paulo"]
[Date "2012.02.20"]
[Round "5.8"]
[White "Bufalo, Alexander Davidson"]
[Black "Barbosa, Fernando"]
[Result "0-1"]
[WhiteElo "1752"]
[BlackElo "2086"]
[PlyCount "74"]
[EventDate "2012.02.18"]

1. d4 Nf6 2. Nf3 d5 3. g3 g6 4. Bg2 Bg7 5. O-O O-O 6. c4 c6 7. cxd5 cxd5 8. Nc3
Nc6 9. Bf4 Bf5 10. Rc1 Rc8 11. Ne5 h6 12. h4 Kh7 13. Qd2 Ne4 14. Nxe4 Bxe4 15.
f3 Bf5 16. Nxc6 bxc6 17. Rc5 f6 18. Rfc1 Bd7 19. Be3 e5 20. Bf2 Re8 21. b4 Rb8
22. a3 h5 23. Re1 Bh6 24. Qd3 Re7 25. e4 dxe4 26. Qxe4 Rb5 27. d5 cxd5 28. Qxd5
Qb8 29. Bf1 Rb7 30. Rd1 Ba4 31. Qd8 Bxd1 32. Rc8 Qxc8 33. Qxc8 Bxf3 34. Bc4 Rg7
35. Bc5 Bc1 36. Qe6 Rbd7 37. Bf8 Be3+ 0-1

[Event "Brasileiro de Jovens 2012 - Absoluto"]
[Site "Sao Paulo"]
[Date "2012.02.20"]
[Round "5.10"]
[White "Araujo, Leonardo Augusto De"]
[Black "Brandao, Renan Alves"]
[Result "0-1"]
[WhiteElo "1906"]
[BlackElo "2096"]
[PlyCount "42"]
[EventDate "2012.02.18"]

1. e4 c5 2. Nc3 Nc6 3. d3 g6 4. g3 Bg7 5. Bg2 e5 6. Nge2 d6 7. O-O Nge7 8. h3
O-O 9. Bg5 f6 10. Be3 Nd4 11. Qd2 Rb8 12. Bh6 Bxh6 13. Qxh6 Nxc2 14. Rac1 Nd4
15. Nxd4 cxd4 16. Nb5 Be6 17. b3 Bf7 18. Rc2 Qb6 19. Na3 Qa6 20. Nc4 b5 21. Nd2
Rbc8 0-1

[Event "Brasileiro de Jovens 2012 - Absoluto"]
[Site "Sao Paulo"]
[Date "2012.02.20"]
[Round "5.11"]
[White "Pinto, Rendrex Lopes"]
[Black "Rodrigues, Bruno Morado"]
[Result "0-1"]
[WhiteElo "1890"]
[BlackElo "2066"]
[PlyCount "74"]
[EventDate "2012.02.18"]

1. Nf3 Nf6 2. b3 d6 3. d4 Nbd7 4. Bb2 g6 5. Nbd2 Bg7 6. g3 e5 7. c4 e4 8. Ng5
e3 9. fxe3 Ng4 10. Ndf3 Nxe3 11. Qd3 Qe7 12. Bc1 Nxf1 13. Kxf1 Nf6 14. Kg2 h6
15. Nh3 Bf5 16. Qe3 Ne4 17. Nf2 h5 18. Nh4 Nxf2 19. Kxf2 Be4 20. Rd1 O-O-O 21.
Kg1 Rde8 22. Qf2 Bf6 23. Nf3 g5 24. Nd2 Bg6 25. e4 h4 26. g4 h3 27. Bb2 Rh4 28.
e5 Rxg4+ 29. Kh1 dxe5 30. dxe5 Bxe5 31. Qxa7 Bxb2 32. Qa8+ Kd7 33. Qxb7 Ke6 34.
Qc6+ Kf5 35. Nf3 Bxa1 36. Rd5+ Kf4 37. Rd1 Be4 0-1

[Event "Brasileiro de Jovens 2012 - Absoluto"]
[Site "Sao Paulo"]
[Date "2012.02.20"]
[Round "5.12"]
[White "Takeda, Lucas Koji"]
[Black "Saito, Vinicius"]
[Result "0-1"]
[WhiteElo "1862"]
[BlackElo "2042"]
[PlyCount "86"]
[EventDate "2012.02.18"]

1. d4 Nf6 2. Nf3 g6 3. c4 Bg7 4. Nc3 O-O 5. Bf4 c5 6. d5 Qb6 7. Qd2 d6 8. e4
Bg4 9. Be2 Nbd7 10. O-O Qa6 11. b3 Qa5 12. Rac1 Bxf3 13. Bxf3 a6 14. Qe2 Ne8
15. Bd2 Qd8 16. Bg4 Nc7 17. f4 Nf6 18. Bf3 b5 19. e5 Nfe8 20. Ne4 Rb8 21. Bc3
Na8 22. Ng5 Nec7 23. e6 fxe6 24. Bxg7 Kxg7 25. Qb2+ Kg8 26. dxe6 Rf6 27. Bxa8
Rxa8 28. Rce1 Qf8 29. g3 h6 30. Nh3 Rxe6 31. Rxe6 Nxe6 32. Qe2 Qf6 33. Qg4 Qf5
34. Qf3 Rf8 35. g4 Qf7 36. Qd5 Nd4 37. Qe4 e6 38. cxb5 axb5 39. b4 Rd8 40. Kh1
Rb8 41. Kg2 Qb7 42. Re1 Qxe4+ 43. Rxe4 Ra8 0-1

[Event "Brasileiro de Jovens 2012 - Absoluto"]
[Site "Sao Paulo"]
[Date "2012.02.20"]
[Round "5.13"]
[White "Da Silva Junior, Sediney Mari"]
[Black "Araujo, Renan Aparecido"]
[Result "1/2-1/2"]
[WhiteElo "1962"]
[BlackElo "1918"]
[PlyCount "110"]
[EventDate "2012.02.18"]

1. e4 c5 2. c3 Nf6 3. e5 Nd5 4. d4 cxd4 5. cxd4 e6 6. Nf3 Nc6 7. Bc4 Nb6 8. Bb5
d5 9. exd6 Qxd6 10. O-O Bd7 11. b3 Rc8 12. Ba3 Nb4 13. Bxd7+ Qxd7 14. Bxb4 Bxb4
15. Nbd2 Bc3 16. Rc1 Bxd4 17. Rxc8+ Nxc8 18. Nc4 Bf6 19. Qe2 O-O 20. Nfe5 Bxe5
21. Nxe5 Qc7 22. Qe3 Rd8 23. h3 Nb6 24. Rc1 Qd6 25. a4 f6 26. Nf3 a6 27. Re1 e5
28. Qe4 Qd5 29. Qb4 Rd6 30. Re2 a5 31. Qa3 Qc6 32. Qb2 Rd1+ 33. Kh2 Qc1 34.
Qxc1 Rxc1 35. Rd2 Rc3 36. Rd8+ Kf7 37. Rb8 Rc7 38. Nd2 f5 39. g4 g6 40. Kg3 Ke6
41. Kf3 Nd7 42. Re8+ Kf7 43. Rh8 Nf8 44. Nc4 Rc5 45. gxf5 Kg7 46. Rxf8 Kxf8 47.
fxg6 hxg6 48. Ke4 b5 49. Nxe5 Kg7 50. Kd4 Rc2 51. axb5 Rxf2 52. b6 Rf4+ 53. Kc5
Rb4 54. Nc6 Rxb3 55. Nxa5 Rxh3 1/2-1/2

[Event "Brasileiro de Jovens 2012 - Absoluto"]
[Site "Sao Paulo"]
[Date "2012.02.20"]
[Round "5.14"]
[White "Gotz, Klaus Seiji Furucho"]
[Black "Santana, Eduardo Rigonatti"]
[Result "1/2-1/2"]
[WhiteElo "1929"]
[BlackElo "1784"]
[PlyCount "129"]
[EventDate "2012.02.18"]

1. d4 Nf6 2. c4 e6 3. Nf3 d5 4. Bg5 Be7 5. Nc3 c6 6. e3 O-O 7. Qc2 Nbd7 8. cxd5
Nxd5 9. Bxe7 Qxe7 10. Bd3 h6 11. a3 e5 12. Nxd5 cxd5 13. dxe5 Nxe5 14. Nxe5
Qxe5 15. O-O Be6 16. Rfd1 a6 17. h3 Rac8 18. Qa4 Qg5 19. Kf1 f5 20. h4 Qf6 21.
Be2 f4 22. Qxf4 Qxb2 23. Qd4 Qc2 24. Qe5 Rce8 25. Qg3 Rf6 26. Rac1 Qb3 27. Rc7
Bf7 28. Kg1 Rg6 29. Qf4 Rf6 30. Qd4 b5 31. Rc3 Qa2 32. Qd2 Qxd2 33. Rxd2 Rd6
34. Rd4 Red8 35. Bf3 Kf8 36. Rc7 R8d7 37. Rxd7 Rxd7 38. e4 Ke7 39. exd5 Rd6 40.
Kf1 Kf6 41. Rf4+ Ke7 42. Rd4 Kf6 43. Ke2 g6 44. Ke3 g5 45. hxg5+ hxg5 46. Kd3
Ke5 47. Rg4 Kf5 48. Kd4 Bxd5 49. Kc5 Bxf3 50. gxf3 Rd3 51. a4 bxa4 52. Rxa4
Rxf3 53. Ra2 g4 54. Kd4 Kg5 55. Rxa6 Rxf2 56. Ke3 Rf8 57. Ra7 g3 58. Rg7+ Kh4
59. Rh7+ Kg4 60. Rg7+ Kh3 61. Rh7+ Kg2 62. Ke2 Kg1 63. Rg7 g2 64. Rg6 Rf4 65.
Rg7 1/2-1/2

[Event "Brasileiro de Jovens 2012 - Absoluto"]
[Site "Sao Paulo"]
[Date "2012.02.20"]
[Round "5.15"]
[White "Evangelista Jr, Ademar Pereira"]
[Black "Awoki, Daniel Teidi"]
[Result "1-0"]
[WhiteElo "1921"]
[BlackElo "1900"]
[PlyCount "137"]
[EventDate "2012.02.18"]

1. d4 d5 2. c4 dxc4 3. Nf3 Nf6 4. e3 e6 5. Bxc4 a6 6. O-O b5 7. Bb3 Bb7 8. Qe2
c5 9. Rd1 c4 10. Bc2 Be7 11. Nbd2 Qc7 12. Ne5 Nc6 13. Ndf3 Nb4 14. Bb1 Be4 15.
Bxe4 Nxe4 16. Nxf7 O-O 17. N7e5 Bd6 18. Bd2 Nd5 19. Be1 Rac8 20. Qc2 Ndf6 21.
Rdc1 g5 22. a4 h5 23. axb5 axb5 24. Ra6 g4 25. Ng5 Qb7 26. Rca1 Bxe5 27. dxe5
Nxg5 28. exf6 Rxf6 29. Ra7 Qe4 30. Qxe4 Nxe4 31. Re7 Rd8 32. g3 Ng5 33. Kf1 Rf7
34. Rxf7 Kxf7 35. Ra7+ Kf6 36. Bc3+ Kf5 37. Rb7 Rd5 38. Ke2 Ke4 39. Re7 e5 40.
Rg7 Nf3 41. Rh7 Ng1+ 42. Ke1 Nf3+ 43. Ke2 Ng1+ 44. Ke1 Kd3 45. Kd1 e4 46. Ra7
Ne2 47. Ra3 Nc1 48. Kxc1 Ke2 49. Bd4 Kxf2 50. b3 cxb3 51. Rxb3 Kg1 52. Rb2 Rf5
53. Rd2 Rf1+ 54. Kb2 Rf7 55. Kb3 Rb7 56. Kb4 Rb8 57. Rb2 Rb7 58. Kc5 Rb8 59.
Kd5 Re8 60. Be5 Re7 61. Kxe4 Rb7 62. Kd5 Rb6 63. e4 Rb7 64. Bd6 Rg7 65. e5 Rg5
66. Kc5 Rg7 67. e6 Rg6 68. e7 Re6 69. Kd5 1-0

[Event "Brasileiro de Jovens 2012 - Absoluto"]
[Site "Sao Paulo"]
[Date "2012.02.20"]
[Round "5.16"]
[White "Goncalves, Leonardo Yamamoto P"]
[Black "Cirilo, Guilherme De Araujo"]
[Result "1/2-1/2"]
[WhiteElo "1821"]
[BlackElo "1920"]
[PlyCount "82"]
[EventDate "2012.02.18"]

1. e4 e5 2. Nf3 Nc6 3. d3 Bc5 4. Be2 Nge7 5. O-O O-O 6. c3 d5 7. Nbd2 Kh8 8. a3
a5 9. Nb3 Bd6 10. a4 f5 11. Nbd2 Qe8 12. Re1 h6 13. Nh4 Qf7 14. exd5 Qxd5 15.
Qc2 g5 16. Nhf3 Ng6 17. Nc4 Qf7 18. Nfd2 Be7 19. Bh5 Qf6 20. Bxg6 Qxg6 21. Nxe5
Nxe5 22. Rxe5 Bd6 23. Re1 Qh5 24. Nf1 f4 25. b3 f3 26. g3 Qh3 27. Ne3 Bf4 28.
Rf1 Bf5 29. c4 Bxe3 30. fxe3 Bxd3 31. Qc3+ Kg8 32. Rf2 Qf5 33. Bb2 Qh7 34. Qe5
Bg6 35. Qd5+ Qf7 36. Qd4 Qh7 37. Rd1 c6 38. Qd7 Rf7 39. Qd4 Rff8 40. Ba3 Rfe8
41. Bb2 Rf8 1/2-1/2

[Event "Brasileiro de Jovens 2012 - Absoluto"]
[Site "Sao Paulo"]
[Date "2012.02.20"]
[Round "5.17"]
[White "Sztokbant, Bernardo Vainzoff"]
[Black "Rogani, Bruno"]
[Result "1-0"]
[WhiteElo "2016"]
[BlackElo "1918"]
[PlyCount "95"]
[EventDate "2012.02.18"]

1. e4 e5 2. Nf3 Nc6 3. Bb5 a6 4. Ba4 Nf6 5. O-O Be7 6. Re1 b5 7. Bb3 O-O 8. c3
d6 9. h3 Na5 10. Bc2 c5 11. d4 Qc7 12. Nbd2 Bd7 13. Nf1 cxd4 14. cxd4 Rac8 15.
Ne3 Nc6 16. d5 Nb4 17. Bb1 a5 18. a3 Na6 19. b4 Qb7 20. Bd2 axb4 21. axb4 Nc7
22. Bd3 Ra8 23. Qb3 Rxa1 24. Rxa1 Ra8 25. Ra3 Rxa3 26. Qxa3 Qa8 27. Qxa8+ Nxa8
28. Ne1 Nh5 29. N1c2 Nf4 30. Bf1 Bd8 31. Na3 Nc7 32. Nd1 f5 33. f3 fxe4 34.
fxe4 Nh5 35. Be3 Ng3 36. Bd3 Ne8 37. Nc3 Kf7 38. Naxb5 Bxb5 39. Nxb5 Ke7 40.
Kf2 Nh5 41. Na7 Nhf6 42. b5 Kd7 43. b6 h6 44. Bb5+ Ke7 45. Nc6+ Kd7 46. Nxe5+
Kc8 47. Ba6+ Kb8 48. Nc6+ 1-0

[Event "Brasileiro de Jovens 2012 - Absoluto"]
[Site "Sao Paulo"]
[Date "2012.02.20"]
[Round "5.18"]
[White "De Assis, Henrique Zerbini J"]
[Black "Poeta, Caio Medeiros"]
[Result "1-0"]
[WhiteElo "1735"]
[BlackElo "1931"]
[PlyCount "57"]
[EventDate "2012.02.18"]

1. e4 c5 2. Nf3 e6 3. d4 cxd4 4. Nxd4 a6 5. Nc3 Qc7 6. Bd3 Nf6 7. O-O Nc6 8.
Be3 Bb4 9. Qf3 d6 10. Qg3 g6 11. a3 Ba5 12. Kh1 Bb6 13. Ncb5 axb5 14. Nxb5 Qd8
15. Bxb6 Qxb6 16. Qxd6 Bd7 17. Nc7+ Kd8 18. Nxa8 Qa5 19. Qf4 Ne8 20. Qxf7 Qxa8
21. Rad1 Qc8 22. Bb5 Kc7 23. Bxc6 bxc6 24. Rd3 Qd8 25. Qf4+ Kc8 26. Rfd1 Nf6
27. Rb3 Qc7 28. Qxf6 Re8 29. Re3 1-0

[Event "Brasileiro de Jovens 2012 - Absoluto"]
[Site "Sao Paulo"]
[Date "2012.02.20"]
[Round "5.23"]
[White "Pereira, Andre Marques"]
[Black "Correia, Vitor Paie"]
[Result "1-0"]
[WhiteElo "1867"]
[BlackElo "1504"]
[PlyCount "51"]
[EventDate "2012.02.18"]

1. d4 Nf6 2. Nf3 g6 3. c4 d5 4. cxd5 Nxd5 5. e4 Nb6 6. a4 Bg7 7. a5 N6d7 8. Bc4
O-O 9. Qb3 Nc6 10. e5 e6 11. Bg5 Qe8 12. O-O Kh8 13. Nc3 f6 14. exf6 Nxf6 15.
Rfe1 a6 16. d5 Ne7 17. dxe6 Qc6 18. Ne5 Qe8 19. Nf7+ Kg8 20. Rad1 Qc6 21. Ne4
Nfd5 22. Rxd5 Nxd5 23. Bxd5 Qb5 24. Nf6+ Bxf6 25. Bxf6 Qxb3 26. Nh6# 1-0

[Event "Brasileiro de Jovens 2012 - Absoluto"]
[Site "Sao Paulo"]
[Date "2012.02.21"]
[Round "6.1"]
[White "Rodrigues, Tiago Pereira"]
[Black "Quintiliano Pinto, Renato R"]
[Result "0-1"]
[WhiteElo "2119"]
[BlackElo "2263"]
[PlyCount "106"]
[EventDate "2012.02.18"]

1. d4 Nf6 2. e3 e6 3. Bd3 c5 4. c3 b6 5. f4 Bb7 6. Nf3 Be7 7. O-O O-O 8. Nbd2
d5 9. b3 Ne4 10. Bb2 Nd7 11. Qe2 cxd4 12. exd4 f5 13. c4 Bd6 14. Ne5 Qe7 15.
Ndf3 Ndf6 16. Rfc1 Rac8 17. Rc2 Rc7 18. Rac1 Rfc8 19. Ne1 g5 20. fxg5 Nxg5 21.
N1f3 Nxf3+ 22. Nxf3 Bf4 23. Re1 Ne4 24. Bc1 Bd6 25. Be3 Qf6 26. Rf1 Qg7 27. Qe1
Rf7 28. Bc1 Ba6 29. Qe2 Rfc7 30. Kh1 Bb7 31. Ne5 Bxe5 32. dxe5 dxc4 33. Rxc4
Nc5 34. Bxf5 exf5 35. Rxf5 Ne6 36. Rf6 Rxc4 37. bxc4 Rd8 38. Bd2 Bxg2+ 39. Qxg2
Qxg2+ 40. Kxg2 Rxd2+ 41. Kg3 Nf8 42. Rc6 Rxa2 43. h4 Re2 44. Rc7 Rxe5 45. Rxa7
Re3+ 46. Kf4 Rc3 47. Ra4 Ng6+ 48. Kg5 Rg3+ 49. Kh6 Nxh4 50. Ra8+ Kf7 51. c5
Nf5+ 52. Kh5 h6 53. Ra7+ Kf6 0-1

[Event "Brasileiro de Jovens 2012 - Absoluto"]
[Site "Sao Paulo"]
[Date "2012.02.21"]
[Round "6.2"]
[White "Devescovi Parreira, Pedro Paulo"]
[Black "Mendonca, Mateus Nakajo"]
[Result "0-1"]
[WhiteElo "2008"]
[BlackElo "2158"]
[PlyCount "72"]
[EventDate "2012.02.18"]

1. d4 Nf6 2. c4 g6 3. Nc3 d5 4. Nf3 Bg7 5. Bf4 O-O 6. e3 c5 7. dxc5 Qa5 8. Rc1
Rd8 9. Qa4 Qxc5 10. b4 Qc6 11. Qb3 Ne4 12. Nb5 Na6 13. Be2 dxc4 14. Bxc4 Qe8
15. O-O Bg4 16. Ng5 Nxg5 17. Bxg5 Rd2 18. Nc3 h6 19. Bf4 Rc8 20. f3 Bd7 21. e4
Rd4 22. Ne2 b5 23. Bxf7+ Qxf7 24. Rxc8+ Bxc8 25. Nxd4 Bxd4+ 26. Kh1 Qxb3 27.
axb3 Nxb4 28. Rd1 Bb6 29. Be3 Bxe3 30. Rd8+ Kf7 31. Rxc8 Nd3 32. g3 b4 33. Rd8
Nc5 34. Rd5 Nxb3 35. Rd3 Nc1 36. Rxe3 b3 0-1

[Event "Brasileiro de Jovens 2012 - Absoluto"]
[Site "Sao Paulo"]
[Date "2012.02.21"]
[Round "6.3"]
[White "Feliciano Ebert, Vanessa"]
[Black "Pirola, Claudionor Alcides"]
[Result "1-0"]
[WhiteElo "2194"]
[BlackElo "2101"]
[PlyCount "91"]
[EventDate "2012.02.18"]

1. d4 Nf6 2. c4 e6 3. Nc3 d5 4. cxd5 exd5 5. Bg5 Be7 6. e3 c6 7. Bd3 O-O 8. Qc2
Nbd7 9. Nge2 Re8 10. O-O Nf8 11. Rab1 g6 12. b4 a6 13. a4 Ne6 14. Bh4 Ng7 15.
Ng3 Ne6 16. Bxf6 Bxf6 17. Rfc1 Kg7 18. Na2 h5 19. b5 axb5 20. axb5 c5 21. dxc5
Nxc5 22. Qxc5 Rxa2 23. Rd1 Bg4 24. f3 Be6 25. b6 Qa8 26. Ne2 Rc8 27. Qb4 Bg5
28. f4 Bf6 29. f5 Bxf5 30. Bxf5 Rxe2 31. Bxc8 Qxc8 32. Qf4 Qc2 33. Qf3 d4 34.
Rf1 Be5 35. exd4 Bxd4+ 36. Kh1 Rf2 37. Rxf2 Qxb1+ 38. Rf1 Qxb6 39. Qxf7+ Kh6
40. Qf4+ Kh7 41. Qe4 Qa6 42. Rc1 Bb6 43. Qe7+ Kh6 44. Qf8+ Kg5 45. h4+ Kg4 46.
Qf3+ 1-0

[Event "Brasileiro de Jovens 2012 - Absoluto"]
[Site "Sao Paulo"]
[Date "2012.02.21"]
[Round "6.4"]
[White "Cruz, William Ferreira Da"]
[Black "Abdalla, Jose Lucas Aurelli"]
[Result "1/2-1/2"]
[WhiteElo "2152"]
[BlackElo "2050"]
[PlyCount "122"]
[EventDate "2012.02.18"]

1. Nf3 Nf6 2. g3 c5 3. Bg2 Nc6 4. O-O g6 5. d3 d5 6. Nbd2 Bg7 7. c3 O-O 8. e4
dxe4 9. dxe4 Ng4 10. Qe2 Nge5 11. Nxe5 Nxe5 12. Nc4 Qd3 13. Qxd3 Nxd3 14. Bg5
Be6 15. Na5 Rfe8 16. e5 Bxe5 17. Bxb7 Rab8 18. Bc6 Bc7 19. Bxe8 Bxa5 20. b4
cxb4 21. cxb4 Bxb4 22. Bc6 Bc3 23. Rab1 Rc8 24. Bg2 Bxa2 25. Rb7 a5 26. Bxe7 a4
27. Rd1 Ne5 28. Bd5 Nc4 29. Bxf7+ Kxf7 30. Bb4+ Ke6 31. Bxc3 Bb3 32. Re1+ Kd5
33. Ree7 Nd6 34. Rbc7 Rxc7 35. Rxc7 Nb5 36. Rd7+ Kc6 37. Rd3 Nxc3 38. Rxc3+ Kb5
39. Rc7 h5 40. Kf1 Kb4 41. Ke1 Ka3 42. Kd2 Kb2 43. Rc6 a3 44. Rxg6 a2 45. Ra6
a1=Q 46. Rxa1 Kxa1 47. Ke3 Kb2 48. Kf4 Kc3 49. Kg5 Bd1 50. h3 Kd4 51. f4 Ke4
52. g4 hxg4 53. hxg4 Bf3 54. f5 Ke5 55. f6 Bd5 56. Kg6 Be6 57. g5 Kf4 58. Kh5
Kf5 59. Kh6 Bf7 60. Kg7 Bg6 61. Kh6 Bf7 1/2-1/2

[Event "Brasileiro de Jovens 2012 - Absoluto"]
[Site "Sao Paulo"]
[Date "2012.02.21"]
[Round "6.5"]
[White "Pereira, Amanda Marques"]
[Black "Barbosa, Fernando"]
[Result "1/2-1/2"]
[WhiteElo "1981"]
[BlackElo "2086"]
[PlyCount "112"]
[EventDate "2012.02.18"]

1. e4 e6 2. d4 d5 3. Nd2 c5 4. exd5 exd5 5. Ngf3 Nc6 6. Be2 cxd4 7. Nb3 Bd6 8.
Nbxd4 Nge7 9. Be3 O-O 10. O-O Bg4 11. Qd2 a6 12. Rad1 Qc7 13. h3 Bh5 14. Nh4
Bg6 15. Nxg6 hxg6 16. Bf3 Ne5 17. Bg5 Rad8 18. Rfe1 Rd7 19. Qe2 Qb6 20. Nb3 Bb8
21. Bxe7 Rxe7 22. Bxd5 Rfe8 23. Qd2 Ba7 24. Kf1 Qc7 25. Re4 Nc6 26. Rxe7 Rxe7
27. g3 a5 28. Re1 a4 29. Nc1 Nd4 30. c3 Nf5 31. Rxe7 Qxe7 32. Qe2 Qc5 33. Qf3
a3 34. b4 Nxg3+ 35. fxg3 Qg1+ 36. Ke2 Qxc1 37. Qxf7+ Kh7 38. Qg8+ Kh6 39. Qh8+
Kg5 40. Qh4+ Kf5 41. Qg4+ Kf6 42. Qe6+ Kg5 43. Qe5+ Kh6 44. Qf4+ Qxf4 45. gxf4
b6 46. Be6 Bb8 47. f5 gxf5 48. Bxf5 Kg5 49. Bd7 Kf6 50. Kd3 Ke7 51. Bg4 Be5 52.
c4 Kd6 53. Kc2 Kc7 54. Kb3 Bb2 55. Ka4 Bc1 56. Kb5 Bb2 1/2-1/2

[Event "Brasileiro de Jovens 2012 - Absoluto"]
[Site "Sao Paulo"]
[Date "2012.02.21"]
[Round "6.6"]
[White "Brandao, Renan Alves"]
[Black "Carvalho, Rafael Cunha De"]
[Result "1-0"]
[WhiteElo "2096"]
[BlackElo "2053"]
[PlyCount "115"]
[EventDate "2012.02.18"]

1. d4 Nf6 2. Nf3 g6 3. c4 Bg7 4. g3 O-O 5. Bg2 d5 6. cxd5 Nxd5 7. Nc3 c5 8. e4
Nxc3 9. bxc3 Nc6 10. Be3 Bg4 11. e5 Qa5 12. O-O Qxc3 13. Rc1 Qa3 14. Rxc5 Qxa2
15. h3 Bd7 16. Ng5 Qa3 17. Qb1 Nd8 18. Qe4 Ne6 19. Nxe6 Bxe6 20. Qxb7 Rac8 21.
Rfc1 Rxc5 22. Rxc5 a5 23. Qxe7 a4 24. d5 Bf5 25. d6 Qd3 26. Rd5 Qb1+ 27. Kh2 a3
28. d7 a2 29. Bd4 Bxd7 30. Rxd7 a1=Q 31. Bxa1 Qxa1 32. f4 Qa2 33. Ra7 Qe2 34.
Qd7 Qe3 35. Rb7 Qe2 36. Qd5 Qe3 37. Re7 Qa3 38. Qd7 Qb2 39. Qc7 Qd4 40. Qb7 Qc3
41. h4 Qd4 42. Rd7 Qe3 43. Bd5 Qf2+ 44. Kh3 Qf1+ 45. Bg2 Qe2 46. Re7 Qd3 47. e6
Qf5+ 48. Kh2 Qf6 49. exf7+ Kh8 50. Re8 Qd6 51. Qb5 Qa3 52. Qd7 Qc5 53. Qe6 Qc3
54. Kh3 Qc5 55. Be4 Qc3 56. h5 Qa1 57. hxg6 Qc3 58. gxh7 1-0

[Event "Brasileiro de Jovens 2012 - Absoluto"]
[Site "Sao Paulo"]
[Date "2012.02.21"]
[Round "6.7"]
[White "Bueno, Alfeu Junior Varela"]
[Black "Mandetta, Joao Danilo"]
[Result "1/2-1/2"]
[WhiteElo "2305"]
[BlackElo "2141"]
[PlyCount "46"]
[EventDate "2012.02.18"]

1. e4 c5 2. Nc3 Nc6 3. f4 e6 4. Nf3 d5 5. Bb5 Nge7 6. exd5 exd5 7. Qe2 f6 8.
Bxc6+ bxc6 9. b3 Kf7 10. Ba3 Nf5 11. O-O-O c4 12. Bxf8 Qxf8 13. g4 Qa3+ 14. Kb1
cxb3 15. cxb3 Ba6 16. Qf2 Rhb8 17. d3 Ne3 18. Rd2 Rxb3+ 19. axb3 Qxb3+ 20. Rb2
Bxd3+ 21. Ka1 Qxc3 22. Qxe3 Qa3+ 23. Ra2 Qc3+ 1/2-1/2

[Event "Brasileiro de Jovens 2012 - Absoluto"]
[Site "Sao Paulo"]
[Date "2012.02.21"]
[Round "6.8"]
[White "Rodrigues, Bruno Morado"]
[Black "Evangelista Jr, Ademar Pereira"]
[Result "1-0"]
[WhiteElo "2066"]
[BlackElo "1921"]
[PlyCount "103"]
[EventDate "2012.02.18"]

1. d4 d5 2. Nc3 c6 3. e4 dxe4 4. Nxe4 Bf5 5. Ng3 Bg6 6. Bc4 e6 7. N1e2 Nf6 8.
Nf4 Bd6 9. Qe2 Nd5 10. Nxg6 hxg6 11. Ne4 Be7 12. Bd2 Nd7 13. O-O-O b5 14. Bb3
Qb6 15. Bg5 N7f6 16. h4 a5 17. Rhe1 a4 18. Bxd5 cxd5 19. Bxf6 gxf6 20. Nc3 a3
21. Nxd5 axb2+ 22. Kb1 Qa5 23. Qxb5+ Qxb5 24. Nc7+ Kf8 25. Nxb5 Rh5 26. c4 Ra4
27. c5 Rb4 28. Na3 Rd5 29. Nc2 Rb8 30. Ne3 Rdd8 31. Re2 f5 32. Rxb2 Rxb2+ 33.
Kxb2 f4 34. Nc4 Bxc5 35. Kc3 Be7 36. a4 Ra8 37. a5 Bxh4 38. Kb4 Bxf2 39. Kb5
Rd8 40. Nb6 e5 41. Rf1 Bxd4 42. Rd1 Bxb6 43. Rxd8+ Bxd8 44. a6 g5 45. a7 Kg7
46. a8=Q Bf6 47. Kc5 Kg6 48. Qe4+ Kg7 49. Qf5 Be7+ 50. Kc6 f6 51. Kd7 Kg8 52.
Kxe7 1-0

[Event "Brasileiro de Jovens 2012 - Absoluto"]
[Site "Sao Paulo"]
[Date "2012.02.21"]
[Round "6.9"]
[White "Vizzotto, Bernardo"]
[Black "Alvarenga De Carvalho, Miguel A"]
[Result "1/2-1/2"]
[WhiteElo "1991"]
[BlackElo "2062"]
[PlyCount "84"]
[EventDate "2012.02.18"]

1. d4 d5 2. c4 e6 3. Nc3 c6 4. cxd5 exd5 5. Bf4 Nf6 6. Qc2 Na6 7. a3 Nc7 8. e3
Ne6 9. Bg3 Be7 10. Bd3 O-O 11. Nge2 Re8 12. O-O g6 13. b4 a6 14. Rab1 Nh5 15.
a4 Nxg3 16. hxg3 f5 17. Qb3 b5 18. Qa3 Bb7 19. Qb2 Bd6 20. Nf4 Nf8 21. Qc2 Qe7
22. Na2 Nd7 23. a5 Nf6 24. Ne2 Kg7 25. Nac1 h5 26. Nb3 Nd7 27. Nc5 Nxc5 28.
dxc5 Be5 29. f4 Bf6 30. Rf3 Rad8 31. Re1 Bc8 32. Nc1 h4 33. gxh4 Bxh4 34. Re2
Rh8 35. Nb3 Rh6 36. Nd4 Bd7 37. Rh3 Rdh8 38. Qd2 Bf6 39. Rxh6 Rxh6 40. g3 Rh3
41. Kg2 Rh8 42. Kg1 Rh3 1/2-1/2